Fictional Characters by Picture - P - Statistics

General Stats
  • This quiz has been taken 64,834 times
    39,134 since last reset
  • The average score is 15 of 20
Answer Stats
Picture Answer % Correct
Pinocchio
99%
Peter Pan
98%
Pac-Man
97%
Pikachu
93%
Popeye
90%
Patrick Star
89%
Pegasus
87%
Paddington Bear
85%
Princess {Peach}
84%
Piglet
80%
Pumbaa
80%
Percy Jackson
72%
Phoebe Buffay
67%
Pam Beesly
66%
The Pied Piper
60%
Padme Amidala
59%
Predator
53%
Pepé Le Pew
43%
Paul Bunyan
37%
Philip J. Fry
36%
No matching quizzes found
Score Distribution
Percent of People with Each Score
Percentile by Number Answered
Your Score History
You have not taken this quiz since the last reset